Joji song list - Statistics

General Stats
  • This quiz has been taken 14 times
  • The average score is 40 of 68
Answer Stats
Track Order Track Name % Correct
9 1AM Freestyle
100%
2 Cigarette
100%
21 Dior
100%
1 Ew
100%
1 Pixelated Kisses
100%
2 Slow Dancing in the Dark
100%
15 777
80%
1 Attention
80%
7 BlahBlahBlah Demo
80%
15 DYKILY
80%
10 Forehead Touch the Ground
80%
1 Glimpse of Us
80%
8 Hotel California
80%
17 Like You Do
80%
6 Love Me Better
80%
4 Love You Less
80%
6 Night Rider
80%
7 Piece Of You
80%
8 Sanctuary
80%
14 Sojourn
80%
1 Will He
80%
11 XNXX
80%
3 Demons
60%
3 Die for You
60%
5 Dissolve
60%
2 Feeling Like the End
60%
18 Fragments
60%
19 Horses to Water
60%
5 If It Only Gets Better
60%
12 I'LL See You in 40
60%
3 Last of a Dying Breed
60%
2 Modus
60%
14 Mr Hollywood
60%
10 Nitrous
60%
2 Pills
60%
16 Reanimator
60%
16 Rose Colored
60%
7 Run
60%
17 Silhouette Man
60%
20 Strange Home
60%
9 Tarmac
60%
3 Test Drive
60%
4 Window
60%
6 Yeah Right
60%
8 Yukon
60%
13 Afterthought
40%
4 Before the Day is Over
40%
5 Can't Get Over You
40%
13 Can't See Sh*t in the Club
40%
4 Daylight
40%
12 Fade to Black
40%
8 I Don't Wanna Waste My Time
40%
11 Past Won't Leave My Bed
40%
3 Tick Tock
40%
5 Upgrade
40%
4 Wanted U
40%
7 Why Am I Still in LA
40%
6 Worldstar Money
40%
18 Your Man
40%
5 Bitter Fuck
20%
9 Come Thru
20%
6 Gimme Love
20%
8 No Fun
20%
7 Plastic Taste
20%
11 Pretty Boy
20%
10 R.I.P
20%
9 High Hopes
0%
12 Normal People
0%
No matching quizzes found
Score Distribution
Percent of People with Each Score
Percentile by Number Answered
Your Score History
You have not taken this quiz